La justicia laboral (Registro nro. 240178)

Detalles MARC
000 -ENCABEZADO
Número de control [NR] 01095 a2200253 4500
005 - FECHA Y HORA DE LA ÚLTIMA TRANSACCIÓN
control field 20140903175045.0
008 - DE LONGITUD FIJA DE DATOS DE ELEMENTOS - INFORMACIÓN GENERAL
Elementos de longitud fija [NR] 140322s2011 cr d gr|||| 000 0 spa d
020 ## - NUMERO INTERNACIONAL NORMALIZADO PARA LIBROS [R]
Número Internacional Normalizado del libro [NR] 9789223258870
040 ## - FUENTE DE CATALOGACION [NR]
Agencia de catalogación original [NR] CO-BoUCM
Idioma de catalogación [NR] spa
Quien Cataloga Jose A. Gerena
Quien Clasifica Diana Londoño
041 ## - CODIGO DE IDIOMA [R]
Código de idioma para texto/pista de sonido o título separado [R] Español
245 03 - MENCION DE TITULO [NR]
Título [NR] La justicia laboral
Parte restante del título [NR] en América Central, Panamá y República Dominicana
Mención de responsabilidad, etc. [NR] editado por Adolfo Ciudad Reynaud ; donald Alemán Mena...[y otros]
260 ## - PUBLICACION, DISTRIBUCION, ETC. (PIE DE IMPRENTA) [R]
Lugar de publicación, distribución, etc. [R] San José (Costa Rica)
Nombre del editor, distribuidor, etc. [R] Organización Internacional del Trabajo, OIT
Fecha de publicación, distribución, etc. [R] 2011
300 ## - DESCRIPCION FISICA [R]
Extensión [R] 424 páginas
Otros detalles físicos [NR] cuadros, gráficas
650 #7 - ASIENTO SECUNDARIO DE MATERIA - TERMINO TEMATICO [R]
9 (RLIN) 7782
Término temático o nombre geográfico como elemento de entrada [NR] Derecho laboral
Subdivisión general [R] Legislación
Subdivisión geográfica [R] Panamá
650 #7 - ASIENTO SECUNDARIO DE MATERIA - TERMINO TEMATICO [R]
Término temático o nombre geográfico como elemento de entrada [NR] Derecho laboral
Subdivisión general [R] Legislación
Subdivisión geográfica [R] América Central
9 (RLIN) 59552
650 #7 - ASIENTO SECUNDARIO DE MATERIA - TERMINO TEMATICO [R]
Término temático o nombre geográfico como elemento de entrada [NR] Derecho laboral
Subdivisión general [R] Legislación
Subdivisión geográfica [R] República Dominicana
9 (RLIN) 59551
690 ## - ASUNTO AGREGADO LOCAL DE ENTRADA - TÉRMINO TEMÁTICO (OCLC, RLIN)
9 (RLIN) 42773
Acceso temático local Derecho laboral
700 1# - ASIENTO SECUNDARIO - NOMBRE PERSONAL [R]
Nombre personal [NR] Alemán Mena, Donald
9 (RLIN) 58654
700 1# - ASIENTO SECUNDARIO - NOMBRE PERSONAL [R]
Nombre personal [NR] Cáceres Castellanos, Edgardo
9 (RLIN) 58655
700 1# - ASIENTO SECUNDARIO - NOMBRE PERSONAL [R]
Nombre personal [NR] Calvo Rodríguez, Esteban
9 (RLIN) 58656
700 1# - ASIENTO SECUNDARIO - NOMBRE PERSONAL [R]
Nombre personal [NR] Ciudad Reynaud, Adolfo
Término de relación [R] editor
9 (RLIN) 58653
942 ## - ELEMENTOS DE ENTRADA AGREGADOS (KOHA)
Tema principal Derecho
Tipo de ítem principal el descrito en 300a Libro
Edición 1
Parte restante de la signatura top. J967
Sistema de clasificación DEWEY
Clasificación 344.01
Existencias
Fecha de último préstamo Total préstamos Total Renewals Signatura topográfica Código de barras Última vez visto Ejemplar Costo de reposición Price effective from Tipo de ítem Perdido Sistema de clasificación Dañado No prestable Tipo de ítem específico Suprimido Ubicación habitual Ubicación actual Localización Fecha de creación Proveedor Forma de adquisición Costo
18/04/2015 1 2 344.01 J967 100141144 06/06/2024 Ej.1 26000.00 11/03/2014 Libro   DEWEY     Libro   Bodega Bodega 3er piso 11/03/2014 12 Donación 0.00